000 00879cam a22002411 4500
001 agr10001843
003 DLC
005 20260227110931.0
008 761112s19101916xx 000 0 ger
010 _aagr10001843
035 _a(OCoLC)2556116
040 _aDLC
_cCPT
_dCPT
_dDLC
042 _apremarc
050 0 0 _aTP958
_b.G452
100 1 _aGildemeister, Eduard.
245 1 5 _aDie ätherischen Öle,
_cvon E. Gildemeister und Fr. Hoffmann. 2. Aufl. von E. Gildemeister. Bearb. im Auftrage der Firma Schimmel in Miltitz bei Leipzig.
260 _aMiltitz bei Leipzig,
_bSchimmel,
_c1910-16.
300 _a3v.
_billus., double maps, tables (in pocket)
_c24cm.
500 _aSeparate pamphlet of tables in pocket of v.l.
504 _aBibliographical footnotes.
650 0 _aEssences and essential oils.
700 1 _aHoffmann, Fr.
_q(Friedrich),
_d1832-1904,
_ejoint author.
999 _c7872
_d7872